Cash management techniques (Record no. 339437)
[ view plain ]
| 000 -LEADER | |
|---|---|
| fixed length control field | 00400cam a22001337a 4500 |
| 008 - FIXED-LENGTH DATA ELEMENTS--GENERAL INFORMATION | |
| fixed length control field | 180718b1970 xxu||||| |||| 00| 0 eng d |
| 082 ## - DEWEY DECIMAL CLASSIFICATION NUMBER | |
| Classification number | T312 Am35ca |
| 100 ## - MAIN ENTRY--PERSONAL NAME | |
| Personal name | Hill, Roger W. |
| 245 ## - TITLE STATEMENT | |
| Title | Cash management techniques |
| Statement of responsibility, etc. | by Roger W. Hill |
| 260 ## - PUBLICATION, DISTRIBUTION, ETC. | |
| Place of publication, distribution, etc. | New York |
| Name of publisher, distributor, etc. | American Management Asociation |
| Date of publication, distribution, etc. | 1970 |
| 300 ## - PHYSICAL DESCRIPTION | |
| Extent | 80p. |
| 650 ## - SUBJECT ADDED ENTRY--TOPICAL TERM | |
| Topical term or geographic name entry element | Corporations - Finance |
| 700 ## - ADDED ENTRY--PERSONAL NAME | |
| Personal name | American Management Association |
No items available.
